| 000 | 00676nam a22002297a 4500 | ||
|---|---|---|---|
| 003 | OSt | ||
| 005 | 20131115123917.0 | ||
| 008 | 130621s1985 sp ||||| |||| 00| 0 spa d | ||
| 020 | _a8420511137 | ||
| 040 | _cCDMR | ||
| 100 | 1 |
_93860 _aFraguas de Pablo, María |
|
| 245 | 1 | 0 |
_aTeoría de la desinformación _cMaría Fraguas de Pablo |
| 260 |
_aMadrid _bAlhambra _c1985 |
||
| 300 | _a277 p. | ||
| 490 | 0 |
_aMezquita (Alhambra) _v39 |
|
| 490 | 0 | _aSerie Periodismo | |
| 650 | 0 | 4 |
_94286 _aDesinformació |
| 650 | 0 | 4 |
_94286 _aDesinformació _xObjectivitat |
| 650 | 0 | 4 |
_9983 _aÈtica periodística |
| 650 | 0 | 4 |
_93243 _aMitjans de comunicació de massa _xManipulació |
| 942 |
_cMON _2udc |
||
| 999 |
_c6509 _d6509 |
||